[Event "Mechanics' Summer TNM; 30/90, SD/30"]
[Site "San Francisco"]
[Date "2013.07.09"]
[Round "7.5"]
[White "Zhao, Art"]
[Black "Byambaa, Uyanga"]
[Result "1-0"]
[WhiteElo "2037"]
[BlackElo "2136"]
[PlyCount "91"]
[EventDate "2013.??.??"]

1. d4 Nf6 2. c4 g6 3. Nc3 Bg7 4. e4 d6 5. f3 O-O 6. Be3 e5 7. d5 Nbd7 8. Qd2 a5
9. Nge2 Nc5 10. g4 Bxg4 11. fxg4 Nfxe4 12. Nxe4 Nxe4 13. Qd3 Qh4+ 14. Kd1 Qxg4
15. Rg1 Qh4 16. Bg2 Nf2+ 17. Bxf2 Qxf2 18. Kc2 f5 19. Raf1 Qc5 20. Kb1 a4 21.
h4 a3 22. b3 e4 23. Qd2 Rae8 24. h5 b5 25. cxb5 Qxb5 26. hxg6 hxg6 27. Nf4 Rf6
28. Rc1 e3 29. Qe2 Qb4 30. Rc4 Qd2 31. Qxd2 exd2 32. Rd1 Bh6 33. Rxd2 Re1+ 34.
Kc2 Rf7 35. Re2 Ra1 36. Kd3 Rd1+ 37. Kc3 Rc1+ 38. Rc2 Rxc2+ 39. Kxc2 g5 40. Ne6
g4 41. Nxc7 f4 42. Ne6 Rf5 43. Be4 Re5 44. Bg6 Rxe6 45. dxe6 Bg5 46. Rxf4 1-0

[Event "Mechanics' Neil Falconer TNM; 30/90, SD"]
[Site "San Francisco"]
[Date "2013.08.20"]
[Round "3.7"]
[White "Zhao, Art"]
[Black "Niemann, Hans"]
[Result "1/2-1/2"]
[WhiteElo "2115"]
[BlackElo "1835"]
[PlyCount "69"]
[EventDate "2013.??.??"]

1. d4 Nf6 2. c4 e6 3. Nf3 c5 4. e3 d5 5. cxd5 exd5 6. Nc3 Nc6 7. Bb5 Be7 8. O-O
Bg4 9. Qa4 O-O 10. Ne5 Nb8 11. dxc5 Be6 12. b4 Qc7 13. f4 b6 14. cxb6 Qxb6 15.
Ne2 Bd6 16. Nf3 a6 17. Ned4 Ra7 18. Bd3 Qxb4 19. Qxb4 Bxb4 20. Rb1 Bd6 21. Bd2
Nbd7 22. Rfc1 Nc5 23. Be2 Nfe4 24. Ba5 Rfa8 25. Nc6 Rb7 26. Nfd4 Re8 27. Rxb7
Nxb7 28. Nxe6 fxe6 29. Bxa6 Nxa5 30. Nxa5 Bc5 31. Kf1 Ra8 32. Nb3 Rxa6 33. Nxc5
Nd2+ 34. Ke1 Rxa2 35. Nxe6 1/2-1/2

[Event "Mechanics' Summer TNM; 30/90, SD/30"]
[Site "San Francisco"]
[Date "2013.06.18"]
[Round "4.12"]
[White "Zhao, Art"]
[Black "Royzen, Igor"]
[Result "1-0"]
[WhiteElo "2037"]
[BlackElo "1844"]
[PlyCount "65"]
[EventDate "2013.??.??"]

1. d4 d5 2. c4 c6 3. Nf3 Nf6 4. Nc3 Bf5 $2 5. e3 $2 (5. cxd5 cxd5 6. Qb3 $1)
5... e6 6. Be2 Nbd7 7. O-O Bd6 8. b3 Ne4 9. Bb2 Qf6 10. Nxe4 dxe4 11. Nd2 Qh4
12. g3 Qg5 13. h4 Qh6 14. Kg2 Nf6 15. Rh1 Qg6 16. c5 Bc7 17. Nc4 O-O-O 18. Ba3
Nd5 19. Bh5 Qf6 20. Rc1 Bg6 21. Be2 h5 22. Nd6+ Kb8 23. Qc2 e5 24. dxe5 Qxe5
25. Rhd1 Nf6 26. Qc4 Nd5 27. Rc2 f6 28. Rd4 f5 29. Qa4 Rhf8 30. Nxb7 $4 (30.
Bc4 $14) 30... Kxb7 $4 (30... Nxe3+ 31. Kg1 Rxd4 32. Qxc6 Nxc2 $19) 31. Ba6+
Kb8 32. Qxc6 Nxe3+ 33. Kg1 1-0

[Event "Mechanics' Summer TNM; 30/90, SD/30"]
[Site "?"]
[Date "2013.07.02"]
[Round "6"]
[White "Zhao, Art"]
[Black "Thornally, Frank"]
[Result "1/2-1/2"]
[WhiteElo "2037"]
[BlackElo "2218"]
[Annotator "Donaldson"]
[PlyCount "97"]
[EventDate "2013.??.??"]

1. d4 d5 2. c4 e6 3. Nc3 c5 4. cxd5 exd5 5. Nf3 Nc6 6. e3 Nf6 7. Bb5 Bd6 8. h3
O-O 9. O-O Bf5 10. dxc5 Bxc5 11. Bxc6 bxc6 12. Nd4 Bd7 13. Na4 Bd6 14. Qc2 Ne4
15. Nc3 Nxc3 16. bxc3 Qf6 17. Bb2 c5 18. Nf3 Bxh3 19. c4 d4 20. exd4 Rab8 21.
Bc3 Qf4 22. Qc1 Qg4 23. Qg5 Qxg5 24. Nxg5 Bf5 25. Rfd1 Rfe8 26. dxc5 Be7 27.
Nf3 Be4 28. Be5 Rb4 29. Nd2 Bc6 30. Bd6 Bf6 31. Rab1 Ra4 32. Re1 Rxe1+ 33. Rxe1
Rxa2 34. Ne4 Bd4 35. Rd1 Ra1 36. Rxa1 Bxa1 37. Nd2 a5 38. Nb3 Bc3 39. Kf1 f5
40. Ke2 a4 41. Nc1 Kf7 42. Na2 Ba5 43. f3 Ke6 44. Kd3 g5 45. Nc1 a3 (45... g4
$1 $19 46. fxg4 fxg4 47. g3 Bg2 48. Ne2 Bf1 49. Ke3 Bxe2 50. Kxe2 a3 51. Bf8
Bc3) 46. Kc2 Ba4+ 47. Kb1 Bc3 $2 (47... Bd2 $1 $17) 48. Ka2 Bb2 49. Nd3 1/2-1/2

[Event "Mechanics' Summer TNM; 30/90, SD/30"]
[Site "San Francisco"]
[Date "2013.07.09"]
[Round "7.22"]
[White "Zhao, Audrey"]
[Black "Bayaraa, Chinguun"]
[Result "1-0"]
[WhiteElo "1801"]
[BlackElo "1651"]
[PlyCount "85"]
[EventDate "2013.??.??"]

1. d4 d5 2. c4 e6 3. Nf3 Nf6 4. Nc3 Be7 5. e3 O-O 6. Bd3 Nbd7 7. O-O c5 8. b3
b6 9. cxd5 exd5 10. Bb2 Bb7 11. Rc1 Re8 12. Re1 a6 13. a4 cxd4 14. exd4 Nf8 15.
Ne5 Ng6 16. Nxg6 fxg6 17. Ne2 Bb4 18. Bc3 Bxc3 19. Rxc3 Rc8 20. Qc2 Rxc3 21.
Qxc3 Ne4 22. Qb2 Qh4 23. Ng3 Rf8 24. Bxe4 dxe4 25. Qe2 Qf4 26. h3 Re8 27. Qc4+
Kh8 28. Re2 h5 29. Nf1 Kh7 30. d5 Qd6 31. Ne3 Rc8 32. Qxe4 Rc1+ 33. Nf1 Bxd5
34. Qe3 Qc6 35. f3 Rc3 36. Qd4 Bxb3 37. Re7 Qc5 38. Rxg7+ Kh6 39. Qxc5 Rxc5 40.
Rb7 Rc6 41. a5 bxa5 $4 42. Rxb3 a4 43. Ra3 1-0

[Event "Mechanics' Summer TNM; 30/90, SD/30"]
[Site "San Francisco"]
[Date "2013.06.18"]
[Round "4.11"]
[White "Zhao, Audrey"]
[Black "Doyle, Bryon"]
[Result "0-1"]
[WhiteElo "1801"]
[BlackElo "2052"]
[PlyCount "107"]
[EventDate "2013.??.??"]

1. d4 c5 2. d5 Nf6 3. c4 b5 4. cxb5 a6 5. bxa6 Bxa6 6. Nc3 g6 7. Nf3 d6 8. g3
Bg7 9. Bg2 O-O 10. O-O Nbd7 11. Re1 Ng4 12. Qc2 Qb6 13. h3 Nge5 14. Nd2 c4 15.
Nde4 Nf6 16. Be3 Qa5 17. Red1 Rfb8 18. Rd2 Ned7 19. Qd1 Nxe4 20. Bxe4 Nc5 21.
Bg2 Bc8 22. Rc1 Bd7 23. Kh2 Na4 24. Bd4 Nxb2 25. Qc2 Na4 26. Nxa4 Bxa4 27. Qc3
Qxc3 28. Bxc3 Bb5 29. Bxg7 Kxg7 30. e4 Ra4 31. Rb2 Ra5 32. Bf1 Rba8 33. Bxc4
Bxc4 34. Rxc4 Rxa2 35. Rxa2 Rxa2 36. Rc2 {probably moves left out here} Ra4 37.
f3 Kf6 38. Kg2 Ke5 39. Re2 Kd4 40. h4 e6 41. dxe6 fxe6 42. Kf2 Ra3 43. f4 h5
44. Rd2+ Rd3 45. Re2 Rd1 46. e5 d5 47. Ra2 Ke4 48. Re2+ Kf5 49. Re3 d4 50. Ra3
Ke4 51. Ke2 Rh1 52. Kd2 Rh2+ 53. Kd1 d3 54. Ra4+ 0-1

[Event "Mechanics' Summer TNM; 30/90, SD/30"]
[Site "San Francisco"]
[Date "2013.07.02"]
[Round "6.17"]
[White "Zhao, Audrey"]
[Black "McCarty-Snead, Callaghan"]
[Result "0-1"]
[WhiteElo "1801"]
[BlackElo "1622"]
[PlyCount "142"]
[EventDate "2013.??.??"]

1. d4 Nf6 2. c4 e6 3. Nc3 Bb4 4. e3 O-O 5. g3 d5 6. Qb3 Bxc3+ 7. bxc3 Nbd7 8.
Bg2 c6 9. cxd5 cxd5 10. Ne2 Qb6 11. O-O Qxb3 12. axb3 Nb6 13. f3 Bd7 14. Re1 a6
15. Ba3 Rfe8 16. e4 Bb5 17. Bc5 Nfd7 18. Bd6 Nc8 19. Bf4 Ncb6 20. Bd2 Rac8 21.
Rac1 Nf6 22. e5 Nfd7 23. Bf1 Rc7 24. Nf4 Bxf1 25. Kxf1 Rec8 26. Rc2 Nb8 27.
Rec1 Nc6 28. Ne2 Nb4 29. Rb2 Nd3 30. Rbc2 Nxc1 31. Rxc1 Ra8 32. Nf4 a5 33. Rb1
h6 34. Nd3 Nd7 35. Ke2 b5 36. f4 f6 37. Ra1 fxe5 38. fxe5 g5 39. h3 a4 40. Ra3
Nb6 41. Nc5 Kf7 42. Kf3 Nd7 43. Nd3 Kg6 44. Ke2 Rcc8 45. Ke3 axb3 46. Rxb3 Nb6
47. Nc5 Nc4+ 48. Kd3 Ra2 49. Be1 Nxe5+ 50. Ke3 Nc4+ 51. Kd3 Nb2+ 52. Ke3 Nc4+
53. Kd3 Ra1 54. Bf2 Rd1+ 55. Ke2 Rd2+ 56. Ke1 Rb2 57. Rb4 Rxb4 58. cxb4 Ra8 59.
Ke2 Ra2+ 60. Kf3 Nd2+ 61. Ke3 Ne4 62. Nxe4 dxe4 63. Be1 Kf5 64. g4+ Kg6 65. h4
gxh4 66. Bxh4 Rg2 67. Kf4 e3 68. Kf3 Rg1 69. Kxe3 Rxg4 70. Bf2 h5 71. Kf3 Kf5
0-1

[Event "Mechanics' Neil Falconer TNM; 30/90, SD"]
[Site "San Francisco"]
[Date "2013.08.13"]
[Round "2.15"]
[White "Zhao, Audrey"]
[Black "Rich, Albert"]
[Result "1/2-1/2"]
[WhiteElo "1734"]
[BlackElo "2204"]
[PlyCount "95"]
[EventDate "2013.??.??"]

1. d4 d5 2. c4 c6 3. Nf3 Nf6 4. Nc3 a6 5. a4 e6 6. e3 c5 7. Be2 Nc6 8. O-O cxd4
9. exd4 dxc4 10. Bxc4 Be7 11. Re1 O-O 12. Be3 Nb4 13. Qb3 Bd7 14. Rad1 Bc6 15.
Ne5 Bd5 16. Nxd5 Nfxd5 17. Bxd5 Qxd5 18. Qxd5 Nxd5 19. Nd3 Rfc8 20. Rc1 Kf8 21.
Nf4 Nxe3 22. fxe3 Bb4 23. Rxc8+ Rxc8 24. Re2 Rc1+ 25. Kf2 Bd6 26. Rd2 Ra1 27.
b3 Rb1 28. Rd3 Rb2+ 29. Kf3 g5 30. Nh3 h6 31. Nf2 f5 32. h3 h5 33. g4 h4 34.
gxf5 exf5 35. e4 Bg3 36. Nh1 fxe4+ 37. Kxe4 Bf4 38. Rf3 Ke7 39. Kd5 Rg2 40. Nf2
Rg3 41. Ke4 Kd6 42. Rd3 Bc1 43. Ng4 a5 44. Ne5 Rxd3 45. Nxd3 Bd2 46. Ne5 Ke6
47. Ng4 Ke7 48. Ne5 1/2-1/2